| 000 | 00415nam a22001337a 4500 | ||
|---|---|---|---|
| 999 |
_c18363 _d18363 |
||
| 008 | 200727b xxu||||| |||| 00| 0 eng d | ||
| 020 | _a1788839129 | ||
| 050 |
_aQA76.64 _b.S26 2018 c.1 |
||
| 100 | _aSamoylov, Nick | ||
| 245 |
_aIntroduction to Programming _bLearn to program in Java with data structures,algorithms, and logic _cNick Samoylov |
||
| 260 |
_aUK _bPackt _c2018 |
||
| 300 | _axiv,701p. | ||
| 942 |
_2lcc _cBK |
||